000 00868nam a2200229 a 4500
001 56739
003 BD-RjUL
005 20211209080428.0
008 161203s2010 bg ||||e |||| 00| 0 ben d
020 _c: Tk. 250.00
035 _a(BD-RjUL)56863
040 _aBD-RjUL
_bben
_cBD-RjUL
041 _aben
082 _223
_a297.61
_bKAH 2010
100 _aকাসেম, মো. আবুল
_9120174
245 1 0 _aহযরত শাহ মখদুম রুপোশ (রহ.) :
_bযুগ মানস /
_cমো. আবুল কাসেম
260 _aরাজশাহী :
_bহযরত শাহ মখদুম রুপোশ (রহ.) দরগাহ এস্টেট ;
_c২০১০
300 _a২৯৩ পৃ. :
_bচিত্র ;
_c২২ সেমি.
650 _9120193
_aইসলাম
650 _9120194
_aIslam
942 _2ddc
_cBK
999 _c56739
_d56739